Welcome to WEB OPAC of MRSPTU Central Library

Transformer engineering : Design,technology and diagnostics (Record no. 6260)

MARC details
000 -LEADER
fixed length control field 00493nam a2200181Ia 4500
008 - FIXED-LENGTH DATA ELEMENTS--GENERAL INFORMATION
fixed length control field 230711s9999||||xx |||||||||||||| ||und||
020 ## - INTERNATIONAL STANDARD BOOK NUMBER
International Standard Book Number 978-1-4398-5377-1
041 ## - LANGUAGE CODE
Language code of text/sound track or separate title ENG
082 ## - DEWEY DECIMAL CLASSIFICATION NUMBER
Classification number 621.314
Item number KU-T
100 ## - MAIN ENTRY--PERSONAL NAME
Personal name Kulkarni,S V
245 #0 - TITLE STATEMENT
Title Transformer engineering : Design,technology and diagnostics
250 ## - EDITION STATEMENT
Edition statement 2nd Ed.
260 ## - PUBLICATION, DISTRIBUTION, ETC.
Date of publication, distribution, etc. 2013
Place of publication, distribution, etc. New York
Name of publisher, distributor, etc. CRC Press Taylor & Francis Group
300 ## - PHYSICAL DESCRIPTION
Extent 730p.
650 ## - SUBJECT ADDED ENTRY--TOPICAL TERM
Topical term or geographic name entry element Electrical Engineering
700 ## - ADDED ENTRY--PERSONAL NAME
Personal name Khaparde,S.A
942 ## - ADDED ENTRY ELEMENTS (KOHA)
Koha item type Book
Holdings
Withdrawn status Lost status Damaged status Not for loan Collection Home library Current library Date acquired Cost, normal purchase price Inventory number Total checkouts Full call number Barcode Date last seen Price effective from Koha item type
          MRSPTU Central Library MRSPTU Central Library   127.00 KBD/2016-2017/961242808   621.314 KU-T 35410 08/17/2023 08/17/2023 Book

Website Designed and Developed by MRSPTU Central Library Team

E-mail Id: librarian@mrsptu.ac.in